000 00623nam a2200253Ia 4500
001 45549
005 20240114003716.0
007 ta
008 090317s1985 a g b000 u 903 u
020 _cRs. 40.00 (Hard)
040 _aCotton college,Assam
041 _a903
082 _a590
_bSi 64 Q
100 _aAIU, .
245 0 _aQuestions Bank /
_cAIU.
_hTextual Documents
250 _a6th /
260 _aNew Delhi :
_bAIU ,
_c1985.
300 _a412p. :
_bill ;
_c28 cm. .
365 _aRs. 40.00
653 _aT/G-Zoology
942 _2ddc
_cBK
999 _c45514
_d45514